Pintura española en Chile

Guardado en:
Detalles Bibliográficos
Autor Corporativo: Museo Nacional de Bellas Artes de Santiago de Chile (Autor)
Formato: Libro
Lenguaje:español
Publicado: Valencia Museu de Belles Arts de Valencia 1999
Viña del Mar Ilustre Municipalidad de Viña del Mar 1999
Edición:1a. ed
Colección:Colección de Pintura Española de Bellas Artes de Santiago de Chile
Materias:
Etiquetas: Agregar Etiqueta
Sin Etiquetas, Sea el primero en etiquetar este registro!

MARC

LEADER 00000cam a2200000 a 4500
001 UCE6928
003 CL-VaPUC
008 150514e19990704sp |||||||||||||||||spa|d
020 |a 8460591018 
082 0 4 |a 759.6  |b MUS  |2 21 
110 2 |a Museo Nacional de Bellas Artes de Santiago de Chile  |e author  |9 579634 
245 1 0 |a Pintura española en Chile 
250 |a 1a. ed 
300 |a 133 p 
942 |c BK 
945 |d 20150514 13:01:00  |a arojas 
260 |a Valencia  |b Museu de Belles Arts de Valencia  |c 1999 
260 |a Viña del Mar  |b Ilustre Municipalidad de Viña del Mar  |c 1999 
650 0 |a Pintura española   |9 315217 
650 0 |a Teoría del arte  |9 387638 
650 0 |a Creación artística   |9 266215 
651 7 |a CHILE  |2 CL-VaPUC  |9 579635 
583 |a last modification  |c 20150514 13:01:00  |k Rodrigo Vera 
490 0 |a Colección de Pintura Española de Bellas Artes de Santiago de Chile 
999 |c 359099  |d 359097 
952 |0 0  |1 0  |3 erd  |4 0  |6 759_600000000000000_MUS_1999_1999  |7 0  |8 A  |9 468129  |a BIBART  |b BIBART  |i 5149215  |o 759.6 MUS 1999 1999  |p 5149215  |r 2025-03-13  |w 2019-11-23  |y BK  |z Catalogado en:20150514  |k ART